African Countries by Highest Mountain - Statistics

General Stats
  • This quiz has been taken 72 times
  • The average score is 22 of 53
Answer Stats
highest peak m ft country % Correct
Mount Kenya 5199 17,057 Kenya
100%
Kilimanjaro 5892 19,331 Tanzania
100%
Mount Cameroon 4040 13,255 Cameroon
81%
Ras Dejen 4550 14,928 Ethiopia
79%
Margherita Peak 5109 16,762 Uganda
73%
Jbel Toubkal 4165 13,665 Morocco
65%
Pico de São Tomé 2024 6640 São Tomé and Príncipe
65%
Morne Seychellois 905 2969 Seychelles
65%
Margherita Peak 5109 16,762 Dem Rep Congo
60%
Mount Karisimbi 4507 14,787 Rwanda
58%
Mount Tahat 3003 9852 Algeria
50%
Emi Koussi 3445 11,302 Chad
50%
Thabana Ntlenyana 3482 11,424 Lesotho
50%
Königstein 2606 8550 Namibia
50%
Red Rock 53 174 Gambia
48%
Mafadi 3450 11,319 South Africa
46%
Kinyeti 3187 10,456 South Sudan
44%
Pico Basile 3008 9869 Equatorial Guinea
42%
Deriba Caldera 3042 9980 Sudan
42%
Maromokotro 2876 9436 Madagascar
40%
Piton de la Petite Rivière Noire 828 2717 Mauritius
40%
Morro de Môco 2620 8596 Angola
38%
unnamed point 300 984 Guinea-Bissau
38%
Emba Soira 3018 9902 Eritrea
35%
Mount Mulanje 3002 9849 Malawi
35%
Mont Nimba 1752 5748 Côte d'Ivoire
33%
Mont Nimba 1752 5748 Guinea
33%
Chappal Waddi 2419 7936 Nigeria
33%
Mont Heha 2684 8806 Burundi
31%
Mount Catherine 2629 8605 Egypt
31%
Mont Bengoué 1070 3510 Gabon
31%
Monte Binga 2436 7992 Mozambique
31%
Mont Idoukal-n-Taghès 2022 6634 Niger
31%
Nepen Diakha 581 1906 Senegal
31%
Shimbiris 2450 8038 Somalia
31%
Jebel ech Chambi 1544 5066 Tunisia
31%
Mount Nyangani 2592 8504 Zimbabwe
31%
Mousa Ali 2028 6654 Djibouti
29%
Emlembe 1862 6109 Swaziland
29%
Tena Kourou 749 2457 Burkina Faso
27%
Mount Wuteve 1440 4724 Liberia
27%
Mont Agou 986 3235 Togo
27%
Mafinga Central 2329 7641 Zambia
27%
Pico do Fogo 2829 9281 Cabo Verde
25%
Mount Afadjato 880 2887 Ghana
25%
Bikku Bitti 2267 7438 Libya
25%
Mount Bintumani 1948 6391 Sierra Leone
25%
Mont Sokbaro 658 2159 Benin
23%
Otse Hill 1491 4892 Botswana
23%
Mount Karthala 2360 7743 Comoros
23%
Kediet ej Jill 915 3002 Mauritania
23%
Mont Ngaoui 1420 4659 Central African Republic
21%
Mont Nabeba 1020 3346 Rep Congo
21%
No matching quizzes found
Score Distribution
Percent of People with Each Score
Percentile by Number Answered
Your Score History
You have not taken this quiz